Penyeliaan pengajaran di dua buah sekolah pinggir bandar di negeri Kelantan /
محفوظ في:
| المؤلف الرئيسي: | |
|---|---|
| التنسيق: | أطروحة كتاب |
| اللغة: | Malay |
| منشور في: |
2005.
|
| الموضوعات: | |
| الوسوم: |
إضافة وسم
لا توجد وسوم, كن أول من يضع وسما على هذه التسجيلة!
|
| LEADER | 00897cam a2200229 a 4500 | ||
|---|---|---|---|
| 001 | u711152 | ||
| 003 | SIRSI | ||
| 008 | 050824s2005 my a t 00 0 may m | ||
| 040 | |a UMK | ||
| 043 | |a a-my-kn | ||
| 098 | |a LB2831.9 |b UM 2005 Ruhm | ||
| 100 | 0 | 0 | |a Ruhani Mohamed |
| 245 | 1 | 0 | |a Penyeliaan pengajaran di dua buah sekolah pinggir bandar di negeri Kelantan / |c Ruhani Mohamed. |
| 260 | |c 2005. | ||
| 300 | |a ix, 103 [10] leaves : |b ill. ; |c 30 cm. | ||
| 502 | |a Dissertation (M.Princ.) -- Institut Pengajian Kepengetuaan, Universiti Malaya, 2005. | ||
| 504 | |a Bibliography: leaves 99-103. | ||
| 650 | 0 | |a School supervision |z Kelantan |x Case studies. | |
| 650 | 0 | |a School superintendents |z Kelantan. | |
| 710 | 2 | 0 | |a Universiti Malaya. |b Institut Pengajian Kepengetuaan. |
| 596 | |a 19 | ||
| 999 | |a LB2831.9 UM 2005 RUHM |w LC |c 1 |i A511792626 |d 8/8/2008 |e 19/6/2008 |f 6/9/2005 |g 1 |l STACKS |m P19KOTA |n 10 |r Y |s Y |t TESIS |u 5/9/2005 | ||
